| 000 | 00812nam a22002297a 4500 | ||
|---|---|---|---|
| 003 | OSt | ||
| 005 | 20131113110104.0 | ||
| 008 | 130424s2010 sp ||||| |||| 00| 0 spa d | ||
| 020 | _a9788499083117 | ||
| 040 | _cCDMR | ||
| 100 | 1 |
_92634 _aCruz Ruiz, Juan |
|
| 245 | 1 | 0 |
_a¿ Periodismo ? _b: vale la pena vivir para este oficio _cJuan Cruz Ruiz ; prólogo de Javier Moreno |
| 260 |
_aBarcelona _bDebolsillo _c2010 |
||
| 300 | _a251 p. | ||
| 490 | 0 |
_aCrónica _v249 |
|
| 500 | _aConté les entrevistes publicades a El País, entre gener i febrer de 2009, sota el títol de "Maestros del periodismo" | ||
| 650 | 0 | 4 |
_92030 _aPeriodisme _xOrientació professional |
| 650 | 0 | 4 |
_93782 _aPeriodistes _xPràctica professional |
| 650 | 0 | 4 |
_93075 _aPeriodistes _vIntervius |
| 700 | 1 |
_93254 _aMoreno, Javier |
|
| 942 |
_2udc _cMON |
||
| 999 |
_c6118 _d6118 |
||